000 00290nam a22001337a 4500
008 181122b xxu||||| |||| 00| 0 eng d
020 _a9780618042593
041 _aeng
080 _24 th
_a370
100 _a49
101 _ardu
245 _aView points
_c Adams.W.R
942 _2udc
_cBK
999 _c52310
_d52310